La evaluación educativa: concepto, períodos y modelos

El propósito es ofrecer al lector un recorrido por los modelos que han fundamentado la evaluación educativa, lo que permite reflexionar acerca de la evaluación como una estrategia útil y necesaria para el mejoramiento de la calidad de la educación. Se inicia el artículo con el concepto de evaluació...

Full description

Bibliographic Details
Main Author: Mora Vargas, Ana Isabel
Format: Analitica de revista
Language:Spanish
Published: Costa Rica: Universidad de Costa Rica, 2004.
Subjects:
Online Access:Acceso electrónico al documento.

MARC

LEADER 00000cam a2200000 a 4500
001 040346
003 UAHC_CL
005 20201030112541.0
008 050510s2004 cr 000 1 spa
952 |0 0  |1 0  |4 0  |6 RECURSO_ELECTRÓNICO  |7 0  |8 BAS  |9 94328  |a BC  |b BC  |c Digital  |d 2020-10-30  |l 0  |o RECURSO ELECTRÓNICO  |r 2020-10-30 00:00:00  |w 2020-10-30  |y REVA  |B TEATRO 
999 |c 53915  |d 53915 
040 |a UAHC_CL  |c UAHC_CL  |d UAHC_CL 
100 |a Mora Vargas, Ana Isabel  |9 13159 
245 1 3 |a La evaluación educativa:   |b concepto, períodos y modelos  |c Ana Isabel Mora Vargas. 
260 |a Costa Rica:  |b Universidad de Costa Rica,  |c 2004. 
300 |a pp. 1-28. 
500 |a En: Revista Electrónica Actualidades Investigativas en Educación, vol. 4, n° 2, 2004. pp. 1-28. 
520 |a El propósito es ofrecer al lector un recorrido por los modelos que han fundamentado la evaluación educativa, lo que permite reflexionar acerca de la evaluación como una estrategia útil y necesaria para el mejoramiento de la calidad de la educación. Se inicia el artículo con el concepto de evaluación, funciones y normas. En la exposición se continúa ubicando la evaluación en cuatro períodos o generaciones. Estos temas constituyen las bases para desarrollar el tema de los enfoques evaluativos que han tenido influencia en el ámbito educativo. Este artículo se deriva del marco conceptual que sustenta un proyecto de investigación acerca de la evaluación del plan de estudios en la Universidad de Costa Rica, inscrito en el Instituto de Investigación para la Educación (INIE), antiguo IIMEC. Para complementar la información bibliográfica se incluye aspectos de la experiencia acumulada de la autora, producto de los procesos de investigación participativa que se han realizado con las unidades académicas. En otras publicaciones se ofrecerán al lector los lineamientos metodológicos para evaluar el plan de estudios que surgen de la investigación.  
650 0 |9 7162  |a Evaluación en educación 
650 0 |9 13160  |a Evaluación basada en el currículum 
650 0 |9 13132  |a Evaluación educacional 
856 |u https://www.redalyc.org/pdf/447/44740211.pdf  |3 Acceso electrónico al documento. 
900 |a RECURSO ELECTRÓNICO 
942 |c REVA